Physical Optics (Record no. 3636)

MARC details
000 -LEADER
fixed length control field 01056pam a2200277 a 4500
001 - CONTROL NUMBER
control field 4946633
003 - CONTROL NUMBER IDENTIFIER
control field OSt
005 - DATE AND TIME OF LATEST TRANSACTION
control field 20191022145733.0
008 - FIXED-LENGTH DATA ELEMENTS--GENERAL INFORMATION
fixed length control field 961031s1997 enka b 001 0 eng
010 ## - LIBRARY OF CONGRESS CONTROL NUMBER
LC control number 96048892
020 ## - INTERNATIONAL STANDARD BOOK NUMBER
International Standard Book Number 0198517955 (hbk.)
040 ## - CATALOGING SOURCE
Original cataloging agency DLC
Transcribing agency DLC
Modifying agency DLC
050 00 - LIBRARY OF CONGRESS CALL NUMBER
Classification number QC395.2
Item number .A33 1997
082 00 - DEWEY DECIMAL CLASSIFICATION NUMBER
Classification number 535
Edition number 21
Item number AKH 1997
100 1# - MAIN ENTRY--PERSONAL NAME
Personal name Akhmanov, S. A.; Nikitin, S. Yu.
9 (RLIN) 5150
245 10 - TITLE STATEMENT
Title Physical Optics
260 ## - PUBLICATION, DISTRIBUTION, ETC. (IMPRINT)
Name of publisher, distributor, etc. Oxford University Press,
Date of publication, distribution, etc. 1997.
300 ## - PHYSICAL DESCRIPTION
Extent xiii, 488 p. :
Other physical details ill. ;
Dimensions 25 cm.
504 ## - BIBLIOGRAPHY, ETC. NOTE
Bibliography, etc Includes bibliographical references and index.
650 #0 - SUBJECT ADDED ENTRY--TOPICAL TERM
Topical term or geographic name as entry element Physical optics.
9 (RLIN) 8095
856 42 - ELECTRONIC LOCATION AND ACCESS
Materials specified Publisher description
Uniform Resource Identifier http://www.loc.gov/catdir/enhancements/fy0604/96048892-d.html
856 41 - ELECTRONIC LOCATION AND ACCESS
Materials specified Table of contents only
Uniform Resource Identifier http://www.loc.gov/catdir/enhancements/fy0604/96048892-t.html
906 ## - LOCAL DATA ELEMENT F, LDF (RLIN)
a 7
b cbc
c orignew
d 1
e ocip
f 19
g y-gencatlg
942 ## - ADDED ENTRY ELEMENTS (KOHA)
Source of classification or shelving scheme Dewey Decimal Classification
Koha item type Short Loan
Holdings
Withdrawn status Lost status Source of classification or shelving scheme Damaged status Not for loan Home library Current library Date acquired Source of acquisition Inventory number Total Checkouts Full call number Barcode Date last seen Koha item type
    Dewey Decimal Classification     MUST Main Library MUST Main Library 19/04/2016 Purchase 01/16049   535 AKH 1997 2016-1047 19/04/2016 Short Loan
    Dewey Decimal Classification     MUST Main Library MUST Main Library 19/04/2016 Purchase 01/16048   535 AKH 1997 2016-1048 19/04/2016 Short Loan